| 000 | 01254cam a2200349 a 4500 | ||
|---|---|---|---|
| 001 | 14618732 | ||
| 005 | 20170105102903.0 | ||
| 008 | 061101s2007 dcua b i001 0 eng | ||
| 010 | _a 2006042134 | ||
| 020 | _a9780821368763 | ||
| 020 | _a0821368761 | ||
| 020 | _a9780821368770 (ebook) | ||
| 020 | _a082136877X (ebook) | ||
| 035 | _a(OCoLC)ocm76167656 | ||
| 035 | _a(OCoLC)76167656 | ||
| 040 |
_aDLC _cDLC _dBAKER _dC#P _dDLC |
||
| 043 | _aaz----- | ||
| 050 | 0 | 0 |
_aHN670.3.Z9 _bC636 2007 |
| 082 | 0 | 0 |
_a307.1/40869420954 _222 |
| 245 | 0 | 0 |
_aEnding poverty in South Asia : _bideas that work / _cedited by Deepa Narayan, Elena Glinskaya. |
| 260 |
_aWashington, DC : _bWorld Bank, _cc2007. |
||
| 300 |
_axxii, 400 p. : _bill. ; _c22 cm. |
||
| 504 | _aIncludes bibliographical references and index. | ||
| 650 | 0 |
_aCommunity development _zSouth Asia. |
|
| 650 | 0 |
_aPoverty _zSouth Asia. |
|
| 651 | 0 |
_aSouth Asia _xEconomic conditions. |
|
| 700 | 1 | _aNarayan-Parker, Deepa. | |
| 700 | 1 | _aGlinskaya, Elena E. | |
| 906 |
_a7 _bcbc _corignew _d1 _eocip _f20 _gy-gencatlg |
||
| 942 |
_2ddc _cBK |
||
| 999 |
_c14738 _d14738 |
||